Sports Quiz

Random Sports or NFL Quiz

Starting QBs in the NFL (2012) Quiz Stats

Quiz not verified by Sporcle

Challenge
Share
Tweet
Embed
Score 0/32 Timer 10:00
0 Plays Today
Team % Correct
New York GiantsEli Manning
100%
Denver BroncosPeyton Manning
98.9%
St. Louis RamsSam Bradford
97.9%
San Francisco 49ersColin Kaepernick
97.9%
Dallas CowboysTony Romo
97.9%
Green Bay PackersAaron Rodgers
97.9%
New Orleans SaintsDrew Brees
97.9%
Chicago BearsJay Cutler
96.8%
Detroit LionsMatthew Stafford
96.8%
Carolina PanthersCam Newton
96.8%
Baltimore RavensJoe Flacco
96.8%
New England PatriotsTom Brady
96.8%
Atlanta FalconsMatt Ryan
95.7%
Pittsburgh SteelersBen Roethlisberger
95.7%
Buffalo BillsRyan Fitzpatrick
95.7%
New York JetsMark Sanchez
95.7%
Team % Correct
Tennessee TitansJake Locker
95.7%
Houston TexansMatt Schaub
95.7%
Philadelphia EaglesNick Foles
94.7%
Washington RedskinsRobert Griffin III
94.7%
San Diego ChargersPhilip Rivers
94.7%
Oakland RaidersCarson Palmer
94.7%
Cincinnati Bengals Andy Dalton
93.6%
Seattle SeahawksRussell Wilson
92.6%
Tampa Bay BuccaneersJosh Freeman
92.6%
Kansas City ChiefsMatt Cassel
90.4%
Indianapolis Colts Andrew Luck
90.4%
Minnesota VikingsChristian Ponder
89.4%
Cleveland BrownsBrandon Weeden
89.4%
Jacksonville JaguarsChad Henne
87.2%
Miami DolphinsRyan Tannehill
78.7%
Arizona CardinalsKevin Kolb
77.7%

You're not logged in!

Compare scores with friends on all Sporcle quizzes.
Join for Free
OR
Log In

You Might Also Like...

Show Comments

Extras

Top Quizzes Today


Score Distribution

Your Account Isn't Verified!

In order to create a playlist on Sporcle, you need to verify the email address you used during registration. Go to your Sporcle Settings to finish the process.

Report this User

Report this user for behavior that violates our Community Guidelines.

Details: